[Event "Arco op 46th"]
[Site "Arco"]
[Date "2024.10.12"]
[Round "8"]
[White "Nanni, Sergio"]
[Black "Lang, Alexander"]
[Result "0-1"]
[WhiteElo "1658"]
[BlackElo "2016"]
[PlyCount "52"]
[EventDate "2024.10.05"]
[EventType "swiss"]
[EventRounds "9"]
[EventCountry "ITA"]
[SourceTitle "CB44_2024"]
[Source "Chessbase"]
[SourceDate "2024.10.30"]
[SourceVersion "1"]
[SourceVersionDate "2024.10.30"]
[SourceQuality "1"]

1. e4 c6 2. d4 d5 3. e5 c5 4. Nf3 cxd4 5. Nxd4 Nc6 6. Bb5 Bd7 7. Bxc6 bxc6 8. 0-0 e6 9. b3 Bc5 10. Nf3 Ne7 11. Bb2 Nf5 12. Nc3 h5 13. Ne2 g5 14. Nfd4 Ng7 15. Qd3 Rc8 16. Rae1 Be7 17. f4 c5 18. Nf3 g4 19. Nd2 h4 20. g3 Nf5 21. c3 Bc6 22. a3 Qb6 23. c4 Rd8 24. Nc3 dxc4 25. Qc2 cxb3 26. Qxb3 Rxd2 0-1

[Event "Arco op 46th"]
[Site "Arco"]
[Date "2024.10.10"]
[Round "6"]
[White "Rutkowski, Feliks"]
[Black "Lang, Alexander"]
[Result "1-0"]
[WhiteElo "1850"]
[BlackElo "2016"]
[PlyCount "95"]
[EventDate "2024.10.05"]
[EventType "swiss"]
[EventRounds "9"]
[EventCountry "ITA"]
[SourceTitle "CB44_2024"]
[Source "Chessbase"]
[SourceDate "2024.10.30"]
[SourceVersion "1"]
[SourceVersionDate "2024.10.30"]
[SourceQuality "1"]

1. e4 c6 2. d4 d5 3. exd5 cxd5 4. Bd3 Nc6 5. c3 Nf6 6. h3 e5 7. dxe5 Nxe5 8. Nf3 Nxd3+ 9. Qxd3 Bd6 10. 0-0 0-0 11. Be3 Re8 12. Nbd2 Ne4 13. Nd4 Qf6 14. Nb5 Bxh3 15. Nxe4 Rxe4 16. gxh3 Qf3 17. Nxd6 Re6 18. Qf5 Rg6+ 19. Bg5 Qh5 20. f4 Rxd6 21. Qg4 Qxg4+ 22. hxg4 Rg6 23. Be7 Rxg4+ 24. Kh2 f5 25. Bd6 Rd8 26. Be5 Rc8 27. Rg1 Rh4+ 28. Kg3 Rg4+ 29. Kf3 h5 30. Rad1 Rc6 31. Rxg4 hxg4+ 32. Kg3 Ra6 33. a3 Rb6 34. Rd2 Kf7 35. Re2 Rh6 36. Bd4 b6 37. Re5 Rh3+ 38. Kg2 g6 39. Rxd5 Rd3 40. Rd7+ Ke6 41. Rxa7 Rd2+ 42. Bf2 g5 43. fxg5 f4 44. g6 g3 45. g7 Rxf2+ 46. Kg1 f3 47. g8Q+ Kf5 48. Qd5+ 1-0

[Event "Arco op 46th"]
[Site "Arco"]
[Date "2024.10.06"]
[Round "2"]
[White "Lohia, Sohum"]
[Black "Lang, Alexander"]
[Result "1-0"]
[WhiteElo "2388"]
[BlackElo "2016"]
[PlyCount "159"]
[EventDate "2024.10.05"]
[EventType "swiss"]
[EventRounds "9"]
[EventCountry "ITA"]
[SourceTitle "CB44_2024"]
[Source "Chessbase"]
[SourceDate "2024.10.30"]
[SourceVersion "1"]
[SourceVersionDate "2024.10.30"]
[SourceQuality "1"]

1. e4 c6 2. d4 d5 3. exd5 cxd5 4. Bd3 Nc6 5. c3 Nf6 6. Bf4 Bg4 7. Qb3 Qd7 8. Nd2 e6 9. Ngf3 Bd6 10. Bxd6 Qxd6 11. 0-0 0-0 12. Rfe1 Bxf3 13. Nxf3 Qc7 14. Qc2 Rab8 15. Qe2 a6 16. g3 Rfc8 17. a4 Na5 18. Ne5 Nc4 19. Bxc4 dxc4 20. a5 Nd7 21. Ra4 Nxe5 22. Qxe5 Qc6 23. Rb4 Rd8 24. Qc5 Qf3 25. Qxc4 h5 26. Re3 Qf5 27. Re5 Qf3 28. Qe2 Qxe2 29. Rxe2 Rd5 30. Re5 Kf8 31. Kf1 Ke7 32. Ke2 f6 33. Rxd5 exd5 34. Kf3 Kd7 35. Rb6 Kc7 36. Re6 Kd7 37. Re2 Rh8 38. h4 Rc8 39. Kf4 g6 40. Re3 Rf8 41. Kf3 Rb8 42. Re1 b5 43. axb6 Rxb6 44. Rb1 a5 45. Ke3 a4 46. Kd3 Rb3 47. Kc2 Rb6 48. Re1 Rb8 49. Ra1 Re8 50. Kd3 Rb8 51. Ra2 Rb6 52. f3 Rb8 53. Ke3 Re8+ 54. Kf2 Rb8 55. g4 Ke6 56. Kg3 Rb7 57. Kf4 hxg4 58. fxg4 Rb8 59. g5 Rh8 60. Kg4 f5+ 61. Kg3 Rb8 62. Rxa4 Rxb2 63. Ra6+ Kf7 64. Ra7+ Kg8 65. Rd7 Rc2 66. Rxd5 Rxc3+ 67. Kf4 Rc7 68. Rd6 Kg7 69. Re6 Ra7 70. Ke5 Ra5+ 71. d5 Ra7 72. d6 Ra5+ 73. Kd4 Ra4+ 74. Kc5 Ra5+ 75. Kb6 Rd5 76. Kc6 Ra5 77. d7 Ra6+ 78. Kd5 Ra5+ 79. Kd6 Ra6+ 80. Ke7 1-0

[Event "Verbandsliga Suedbaden 2324"]
[Site "Baden"]
[Date "2024.02.18"]
[Round "6.3"]
[White "Lang, Alexander"]
[Black "Schulz, Vladimir"]
[Result "1-0"]
[WhiteElo "2022"]
[BlackElo "2125"]
[PlyCount "79"]
[EventDate "2023.09.24"]
[EventType "team-tourn"]
[EventRounds "9"]
[EventCountry "GER"]
[SourceTitle "EXT 2025"]
[Source "ChessBase"]
[SourceDate "2024.10.14"]
[SourceVersion "1"]
[SourceVersionDate "2024.10.14"]
[SourceQuality "1"]
[WhiteTeam "Oberwinden"]
[BlackTeam "Baden-Baden IV"]
[WhiteTeamCountry "GER"]
[BlackTeamCountry "GER"]

1. d4 Nf6 2. c4 c5 3. d5 e6 4. Nc3 exd5 5. cxd5 d6 6. e4 g6 7. f4 Bg7 8. Bb5+ Nfd7 9. Be2 Qh4+ 10. g3 Qe7 11. Nf3 0-0 12. 0-0 a6 13. a4 b6 14. Re1 f6 15. Bf1 Re8 16. Be3 Nf8 17. h3 Nbd7 18. Bf2 Bb7 19. Nd2 g5 20. Nc4 Ng6 21. Qg4 gxf4 22. gxf4 Kh8 23. Qe6 Nxf4 24. Qxd6 Ne5 25. Nxe5 fxe5 26. Qxe7 Rxe7 27. a5 Rg8 28. Kh2 Rf7 29. Be3 Bf6 30. axb6 Bh4 31. Red1 Nh5 32. Bg2 Bf2 33. Rf1 Bg3+ 34. Kh1 Rfg7 35. Ne2 Bc8 36. Ra3 Bh4 37. Rg1 Ng3+ 38. Nxg3 Rxg3 39. Bxc5 Rxa3 40. bxa3 1-0

[Event "Arco op 45th"]
[Site "Arco"]
[Date "2023.10.15"]
[Round "9"]
[White "Renzi, Marco"]
[Black "Lang, Alexander"]
[Result "0-1"]
[WhiteElo "1828"]
[BlackElo "2022"]
[PlyCount "80"]
[EventDate "2023.10.07"]
[EventType "swiss"]
[EventRounds "9"]
[EventCountry "ITA"]
[SourceTitle "CBM 216 Extra"]
[Source "ChessBase"]
[SourceDate "2023.11.30"]
[SourceVersion "1"]
[SourceVersionDate "2023.11.30"]
[SourceQuality "1"]

1. e4 c6 2. d4 d5 3. Nc3 dxe4 4. Nxe4 Nf6 5. Nxf6+ exf6 6. Nf3 Bd6 7. Bd3 0-0 8. 0-0 Re8 9. h3 Nd7 10. c3 Nf8 11. Be3 Be6 12. Re1 Bc7 13. Qd2 Qd6 14. c4 Rad8 15. Rad1 Qd7 16. Bf4 Ng6 17. Bxg6 hxg6 18. Bxc7 Qxc7 19. d5 cxd5 20. cxd5 Bd7 21. Rxe8+ Rxe8 22. Nd4 Qc4 23. Qa5 a6 24. b3 Qc8 25. Qb6 Bxh3 26. gxh3 Qxh3 27. Rc1 Re5 28. f4 Qg3+ 29. Kf1 Qxf4+ 30. Nf3 Qxc1+ 31. Kf2 Rxd5 32. Qxb7 Qc2+ 33. Kg3 Qd3 34. Qc8+ Kh7 35. Kf2 Rf5 36. Qc6 Qd2+ 37. Kg3 Qxa2 38. Qc4 a5 39. Qxf7 a4 40. Qb7 Rxf3+ 0-1

[Event "Arco op 44th"]
[Site "Arco"]
[Date "2022.10.13"]
[Round "6"]
[White "Lang, Alexander"]
[Black "Nazarenus, Moritz"]
[Result "1/2-1/2"]
[WhiteElo "2005"]
[BlackElo "2243"]
[PlyCount "39"]
[EventDate "2022.10.08"]
[EventType "swiss"]
[EventRounds "9"]
[EventCountry "ITA"]
[SourceTitle "CBM 210 Extra"]
[Source "ChessBase"]
[SourceDate "2022.11.30"]
[SourceVersion "1"]
[SourceVersionDate "2022.11.30"]
[SourceQuality "1"]

1. d4 d5 2. c4 c6 3. cxd5 cxd5 4. Nc3 Nf6 5. Bf4 Nc6 6. e3 a6 7. Bd3 Bg4 8. Nge2 e6 9. 0-0 Bd6 10. Bxd6 Qxd6 11. Rc1 0-0 12. h3 Bxe2 13. Qxe2 Rac8 14. Na4 Nd7 15. f4 Qb4 16. Bc2 b5 17. a3 Qd6 18. Nc5 g6 19. Bd3 Na5 20. b4 1/2-1/2

[Event "Arco op 44th"]
[Site "Arco"]
[Date "2022.10.12"]
[Round "5"]
[White "Dittmar, Peter"]
[Black "Lang, Alexander"]
[Result "0-1"]
[WhiteElo "2206"]
[BlackElo "2005"]
[PlyCount "80"]
[EventDate "2022.10.08"]
[EventType "swiss"]
[EventRounds "9"]
[EventCountry "ITA"]
[SourceTitle "CBM 210 Extra"]
[Source "ChessBase"]
[SourceDate "2022.11.30"]
[SourceVersion "1"]
[SourceVersionDate "2022.11.30"]
[SourceQuality "1"]

1. d4 d5 2. c4 e6 3. Nc3 Nf6 4. cxd5 exd5 5. Bg5 Be7 6. e3 c6 7. Qc2 Nbd7 8. Bd3 h6 9. Bh4 Nh5 10. Bxe7 Qxe7 11. Nge2 Nb6 12. 0-0-0 Bd7 13. Kb1 0-0-0 14. Rc1 Kb8 15. Na4 Nxa4 16. Qxa4 Rc8 17. Nc3 Rc7 18. Qc2 Rhc8 19. Na4 Nf6 20. Nc5 Be8 21. Rhe1 Qd6 22. h3 g6 23. Rcd1 Ka8 24. e4 dxe4 25. Nxe4 Nxe4 26. Bxe4 f5 27. Bf3 Bf7 28. Qc5 Qd8 29. Rd3 b6 30. Qe5 Rd7 31. Rc1 Bd5 32. Bxd5 Rxd5 33. Qg7 Qd6 34. Ra3 Rc7 35. Qxh6 Rxd4 36. Rg3 Rd2 37. Rxg6 Qd4 38. Rc2 Rd1+ 39. Rc1 Qd3+ 40. Ka1 Qc2 0-1

[Event "Arco op 43rd"]
[Site "Arco"]
[Date "2021.10.15"]
[Round "7"]
[White "Lang, Alexander"]
[Black "Cmiel, Thorsten"]
[Result "0-1"]
[WhiteElo "1980"]
[BlackElo "2105"]
[PlyCount "110"]
[EventDate "2021.10.09"]
[EventType "swiss"]
[EventRounds "9"]
[EventCountry "ITA"]
[SourceTitle "CBM 204 Extra"]
[Source "ChessBase"]
[SourceDate "2021.11.30"]
[SourceVersion "1"]
[SourceVersionDate "2021.11.30"]
[SourceQuality "1"]

1. d4 Nf6 2. c4 e6 3. Nc3 Bb4 4. e3 0-0 5. Nge2 c6 6. Bd2 d5 7. Ng3 Nbd7 8. Be2 dxc4 9. Bxc4 e5 10. Nce2 Qa5 11. a3 Bxd2+ 12. Qxd2 Qxd2+ 13. Kxd2 exd4 14. Nxd4 Ne5 15. Be2 c5 16. Nf3 Rd8+ 17. Kc2 Neg4 18. Rhd1 Bd7 19. Nh1 Bf5+ 20. Kb3 Ne4 21. Rf1 Nd2+ 22. Nxd2 Rxd2 23. Rfe1 Rad8 24. Rac1 b6 25. Ka2 Kf8 26. h3 Ne5 27. Rcd1 Be6+ 28. Ka1 Bb3 29. Rxd2 Rxd2 30. Ng3 Bc4 31. f4 Nd3 32. Rd1 Rxd1+ 33. Bxd1 Ne1 34. Bf3 Nc2+ 35. Kb1 Nxe3 36. Kc1 Bd5 37. Bxd5 Nxd5 38. Ne2 h5 39. g3 Ke7 40. Kd2 Kd6 41. Kd3 b5 42. Ke4 g6 43. g4 hxg4 44. hxg4 Nf6+ 45. Kf3 Kd5 46. Nc3+ Kc4 47. g5 Nd7 48. Ne4 Kb3 49. Nd6 a6 50. Nxf7 Kxb2 51. Ne5 Nf8 52. Nd3+ Kxa3 53. Nxc5 b4 54. Ke3 b3 55. Kd2 b2 0-1

[Event "Arco op 43rd"]
[Site "Arco"]
[Date "2021.10.11"]
[Round "3"]
[White "Lang, Alexander"]
[Black "Giacomini, Hector"]
[Result "1/2-1/2"]
[WhiteElo "1980"]
[BlackElo "2124"]
[PlyCount "81"]
[EventDate "2021.10.09"]
[EventType "swiss"]
[EventRounds "9"]
[EventCountry "ITA"]
[SourceTitle "CBM 204 Extra"]
[Source "ChessBase"]
[SourceDate "2021.11.30"]
[SourceVersion "1"]
[SourceVersionDate "2021.11.30"]
[SourceQuality "1"]

1. d4 d5 2. c4 e6 3. Nc3 Nf6 4. cxd5 exd5 5. Bg5 Be7 6. e3 0-0 7. Bd3 Nbd7 8. Nge2 Re8 9. 0-0 c6 10. Qc2 Nf8 11. f3 Be6 12. Rad1 Rc8 13. e4 dxe4 14. fxe4 Ng4 15. Bf4 Bg5 16. Qd2 Bxf4 17. Qxf4 Ng6 18. Qg3 Qh4 19. Rf3 Qxg3 20. Rxg3 Nh6 21. h3 Rcd8 22. Rf3 f6 23. Bc2 Nf7 24. Nf4 Nxf4 25. Rxf4 Re7 26. d5 Bd7 27. Bb3 Kf8 28. Rf2 c5 29. Bc2 h6 30. b3 Nd6 31. Re1 Rde8 32. Rfe2 b5 33. Nd1 b4 34. Bd3 Bb5 35. Bxb5 Nxb5 36. Nf2 Nc3 37. Rc2 Nxd5 38. Rxc5 Nc3 39. Rc4 Nxa2 40. Ra1 Nc3 41. Rxb4 1/2-1/2

[Event "Arco op 43rd"]
[Site "Arco"]
[Date "2021.10.10"]
[Round "2"]
[White "Dittmar, Peter"]
[Black "Lang, Alexander"]
[Result "1/2-1/2"]
[WhiteElo "2235"]
[BlackElo "1980"]
[PlyCount "54"]
[EventDate "2021.10.09"]
[EventType "swiss"]
[EventRounds "9"]
[EventCountry "ITA"]
[SourceTitle "CBM 204 Extra"]
[Source "ChessBase"]
[SourceDate "2021.11.30"]
[SourceVersion "1"]
[SourceVersionDate "2021.11.30"]
[SourceQuality "1"]

1. c4 e5 2. g3 Nf6 3. Bg2 c6 4. Nf3 e4 5. Nd4 Qb6 6. e3 d5 7. cxd5 cxd5 8. Nc3 Nc6 9. Nxc6 bxc6 10. d3 Ba6 11. dxe4 dxe4 12. Qd4 Bb4 13. Qe5+ Kf8 14. Bd2 Re8 15. Qf4 Nd5 16. Qg4 Bxc3 17. bxc3 Qb2 18. Qd1 Nxc3 19. Qc1 Na4 20. Bf1 Bxf1 21. Kxf1 Qf6 22. Rb1 Nb6 23. Ba5 Nd5 24. h4 h5 25. Qd2 Rh6 26. Qe2 Qf5 27. Bd2 Rf6 1/2-1/2

[Event "Verbandsliga Suedbaden 1920"]
[Site "Baden"]
[Date "2021.07.25"]
[Round "9.4"]
[White "Lang, Alexander"]
[Black "Akermann, Thomas"]
[Result "1-0"]
[WhiteElo "2032"]
[BlackElo "2161"]
[PlyCount "101"]
[EventDate "2019.09.29"]
[EventType "team-tourn"]
[EventRounds "9"]
[EventCountry "GER"]
[SourceTitle "EXT 2021"]
[Source "ChessBase"]
[SourceDate "2020.10.23"]
[SourceVersion "1"]
[SourceVersionDate "2020.10.23"]
[SourceQuality "1"]
[WhiteTeam "Oberwinden"]
[BlackTeam "Gottmadingen"]
[WhiteTeamCountry "GER"]
[BlackTeamCountry "GER"]

1. d4 d6 2. Nf3 Bg4 3. e3 Nf6 4. h3 Bh5 5. Be2 Nbd7 6. c4 e5 7. Nc3 Be7 8. 0-0 0-0 9. Re1 Re8 10. Bd2 e4 11. Nh2 Bxe2 12. Qxe2 c6 13. Nf1 d5 14. Ng3 Bd6 15. Nf5 Bb8 16. cxd5 cxd5 17. Rac1 Nb6 18. Ng3 a6 19. b3 Qd6 20. Rc2 h5 21. Rec1 h4 22. Nf1 Qe6 23. a4 Nc8 24. a5 Ne7 25. Na4 Bd6 26. Nc5 Bxc5 27. Rxc5 Nc6 28. Be1 Nd7 29. R5c2 Nf6 30. b4 Na7 31. Nd2 Nb5 32. Nb3 Qf5 33. Nc5 Re7 34. Na4 Kh7 35. Nb6 Rg8 36. Rc8 Ree8 37. R8c5 g5 38. Kh1 g4 39. hxg4 Rxg4 40. Nxd5 Reg8 41. Nxf6+ Qxf6 42. Rh5+ Qh6 43. Rxh6+ Kxh6 44. Rc5 R8g6 45. f3 exf3 46. Qxf3 Nd6 47. Re5 Kg7 48. Rh5 h3 49. Rxh3 Ne4 50. Rh4 Nd2 51. Qxg4 1-0

[Event "Arco op 42nd"]
[Site "Arco"]
[Date "2020.10.16"]
[Round "7.22"]
[White "Ottaviani, Gianluca"]
[Black "Lang, Alexander"]
[Result "1/2-1/2"]
[WhiteElo "1871"]
[BlackElo "1983"]
[PlyCount "34"]
[EventDate "2020.10.10"]
[EventType "swiss"]
[EventRounds "9"]
[EventCountry "ITA"]
[SourceTitle "CBM 198 Extra"]
[Source "ChessBase"]
[SourceDate "2020.11.30"]
[SourceVersion "1"]
[SourceVersionDate "2020.11.30"]
[SourceQuality "1"]

1. e4 c6 2. Nf3 d5 3. exd5 cxd5 4. Ne5 Nf6 5. d4 g6 6. c3 Bg7 7. Bd3 0-0 8. 0-0 Nc6 9. Qe2 Nd7 10. f4 e6 11. Nd2 Ndxe5 12. fxe5 f6 13. exf6 Bxf6 14. Nf3 Bd7 15. Bh6 Bg7 16. Bxg7 Kxg7 17. Rae1 Qe7 1/2-1/2

[Event "GER Cup Net V4 U2000"]
[Site "Playchess.com INT"]
[Date "2020.05.31"]
[Round "1"]
[White "Dietrich, Leif"]
[Black "Lang, Alexander"]
[Result "1-0"]
[WhiteElo "1688"]
[BlackElo "1918"]
[PlyCount "75"]
[EventDate "2020.05.31"]
[EventType "swiss (blitz)"]
[EventRounds "9"]
[EventCountry "GER"]
[SourceTitle "EXT 2021"]
[Source "ChessBase"]
[SourceDate "2020.10.23"]
[SourceVersion "1"]
[SourceVersionDate "2020.10.23"]
[SourceQuality "1"]

1. e4 c6 2. Nc3 d5 3. Qe2 d4 4. Nd1 e5 5. g3 c5 6. Bg2 Nc6 7. d3 Nf6 8. f4 Bg4 9. Nf3 Bd6 10. Nf2 Bd7 11. f5 Qb6 12. 0-0 0-0-0 13. a4 g6 14. Ng5 Rdf8 15. fxg6 fxg6 16. Bd2 h6 17. Nf3 Be6 18. a5 Qc7 19. a6 b6 20. c3 c4 21. dxc4 Na5 22. cxd4 Bxc4 23. Qe1 Nb3 24. dxe5 Bxe5 25. Nxe5 Qxe5 26. Bf4 Qe7 27. Bh3+ Kd8 28. Rd1+ Ke8 29. Qc3 Bxf1 30. Kxf1 Nxe4 31. Nxe4 Rxf4+ 32. gxf4 Rf8 33. Qc8+ Kf7 34. Qc4+ Kg7 35. Rd7 Rxf4+ 36. Kg1 Qxd7 37. Bxd7 Nd2 38. Qd4+ 1-0

[Event "GER Cup Net V3 U2000"]
[Site "Playchess.com INT"]
[Date "2020.05.27"]
[Round "1"]
[White "Lang, Alexander"]
[Black "Nithammer, Wolfgang"]
[Result "1-0"]
[WhiteElo "1875"]
[BlackElo "1670"]
[PlyCount "135"]
[EventDate "2020.05.27"]
[EventType "swiss (blitz)"]
[EventRounds "9"]
[EventCountry "GER"]
[SourceTitle "EXT 2021"]
[Source "ChessBase"]
[SourceDate "2020.10.23"]
[SourceVersion "1"]
[SourceVersionDate "2020.10.23"]
[SourceQuality "1"]

1. d4 c5 2. d5 d6 3. c4 e5 4. e4 Be7 5. Nc3 Bg5 6. Nf3 Bxc1 7. Qxc1 Nh6 8. h3 0-0 9. Bd3 f5 10. 0-0 f4 11. a3 Nd7 12. b4 b6 13. Nb5 Nf6 14. bxc5 bxc5 15. Rb1 a6 16. Nc3 Bd7 17. Rb7 Rb8 18. Qb2 Rxb7 19. Qxb7 Qc8 20. Rb1 Nf7 21. Qxc8 Rxc8 22. Rb7 Ra8 23. Na4 Bxa4 24. Kf1 Kf8 25. Ke2 Ke8 26. Nh4 g6 27. Nf3 Bd7 28. Bc2 Kd8 29. Nd2 Kc8 30. Rb1 Rb8 31. Ra1 Rb2 32. Kd3 Nd8 33. f3 Nh5 34. Bb3 Ng3 35. Kc3 Rxb3+ 36. Nxb3 Nb7 37. Rb1 Ba4 38. Nd2 Ne2+ 39. Kd3 Nd4 40. Rb6 Kc7 41. Rxa6 Bc2+ 42. Kc3 Bd1 43. Ra8 Nd8 44. a4 h5 45. a5 g5 46. Ra7+ Nb7 47. a6 Kb6 48. Rxb7+ Kxa6 49. Rg7 g4 50. hxg4 hxg4 51. fxg4 Kb6 52. Rd7 Bxg4 53. Rxd6+ Kc7 54. Rg6 Bd7 55. Nf3 Nxf3 56. gxf3 Be8 57. Re6 Bh5 58. Rxe5 Bxf3 59. Re6 Kd7 60. e5 Be2 61. Rf6 f3 62. Kd2 Ke7 63. Rf4 Kd7 64. Ke3 Ke7 65. Kf2 Kd7 66. Re4 Ke7 67. Rxe2 fxe2 68. Kxe2 1-0

[Event "GER Cup Net V3 U2000"]
[Site "Playchess.com INT"]
[Date "2020.05.27"]
[Round "2"]
[White "Schaper, Jan Erik"]
[Black "Lang, Alexander"]
[Result "0-1"]
[WhiteElo "1718"]
[BlackElo "1883"]
[PlyCount "56"]
[EventDate "2020.05.27"]
[EventType "swiss (blitz)"]
[EventRounds "9"]
[EventCountry "GER"]
[SourceTitle "EXT 2021"]
[Source "ChessBase"]
[SourceDate "2020.10.23"]
[SourceVersion "1"]
[SourceVersionDate "2020.10.23"]
[SourceQuality "1"]

1. d4 d5 2. Bf4 e6 3. Nc3 Nf6 4. e3 Bd6 5. Bg3 0-0 6. Nf3 c5 7. Ne5 Nc6 8. f4 a6 9. Bh4 cxd4 10. exd4 Be7 11. Bd3 Nd7 12. Bxe7 Qxe7 13. Nxc6 bxc6 14. 0-0 f5 15. Qe2 Nf6 16. Rae1 Qb4 17. Rf3 Qxd4+ 18. Kh1 Qb4 19. Rh3 Qb7 20. b3 c5 21. Na4 Qc7 22. Qe5 Ra7 23. Qxc7 Rxc7 24. Rhe3 Bd7 25. Nb6 Ne4 26. Kg1 Bb5 27. Bxb5 axb5 28. c4 Rb7 0-1

[Event "GER Cup Net V2 U2000"]
[Site "Playchess.com INT"]
[Date "2020.05.22"]
[Round "8"]
[White "Lang, Alexander"]
[Black "Ensslinger, Colin"]
[Result "1/2-1/2"]
[WhiteElo "1852"]
[BlackElo "1775"]
[PlyCount "79"]
[EventDate "2020.05.22"]
[EventType "swiss (blitz)"]
[EventRounds "9"]
[EventCountry "GER"]
[SourceTitle "EXT 2021"]
[Source "ChessBase"]
[SourceDate "2020.10.23"]
[SourceVersion "1"]
[SourceVersionDate "2020.10.23"]
[SourceQuality "1"]

1. d4 Nf6 2. c4 e6 3. Nc3 Bb4 4. e3 b6 5. Nge2 Bb7 6. a3 Bxc3+ 7. Nxc3 d6 8. d5 Nbd7 9. e4 exd5 10. exd5 0-0 11. Be2 Ne5 12. 0-0 Ba6 13. b3 Re8 14. Bg5 h6 15. Bh4 Ng6 16. Bg3 Ne4 17. Nxe4 Rxe4 18. Bd3 Re8 19. Bxg6 fxg6 20. Qg4 Kh7 21. Rfe1 Bc8 22. Qd4 Bf5 23. f3 Qd7 24. Rxe8 Rxe8 25. Re1 Rxe1+ 26. Bxe1 Qe7 27. Bc3 Bc2 28. b4 Bf5 29. Kf2 a6 30. g4 Bd7 31. Qe3 Qxe3+ 32. Kxe3 g5 33. Be1 Kg6 34. h4 Ba4 35. hxg5 Kxg5 36. Bc3 Kg6 37. Bd4 Bb3 38. Kd3 Bd1 39. Ke3 Bb3 40. Kd3 1/2-1/2

[Event "GER Cup Net V2 U2000"]
[Site "Playchess.com INT"]
[Date "2020.05.22"]
[Round "2"]
[White "Sossna, Gerald"]
[Black "Lang, Alexander"]
[Result "0-1"]
[WhiteElo "1638"]
[BlackElo "1777"]
[PlyCount "52"]
[EventDate "2020.05.22"]
[EventType "swiss (blitz)"]
[EventRounds "9"]
[EventCountry "GER"]
[SourceTitle "EXT 2021"]
[Source "ChessBase"]
[SourceDate "2020.10.23"]
[SourceVersion "1"]
[SourceVersionDate "2020.10.23"]
[SourceQuality "1"]

1. e4 c6 2. d4 d5 3. exd5 cxd5 4. Bd3 Nc6 5. c3 Qc7 6. Ne2 Bg4 7. h3 Bh5 8. Nd2 e6 9. Nf1 Bd6 10. Nfg3 Bg6 11. 0-0 Nge7 12. Re1 0-0 13. Bd2 a6 14. Rc1 b5 15. a3 Na5 16. Nf1 Bxd3 17. Ne3 Bg6 18. c4 Nxc4 19. Nxc4 bxc4 20. b3 Bxa3 21. Ra1 Bd6 22. Ba5 Qc6 23. bxc4 Qxc4 24. Qd2 Rfc8 25. Rec1 Qb5 26. Rab1 Bxb1 0-1

[Event "GER Cup Net V1 U2000"]
[Site "Playchess.com INT"]
[Date "2020.05.19"]
[Round "3"]
[White "Bendrich, Thorsten"]
[Black "Lang, Alexander"]
[Result "1-0"]
[WhiteElo "1674"]
[BlackElo "1812"]
[PlyCount "91"]
[EventDate "2020.05.19"]
[EventType "swiss (blitz)"]
[EventRounds "9"]
[EventCountry "GER"]
[SourceTitle "EXT 2021"]
[Source "ChessBase"]
[SourceDate "2020.10.23"]
[SourceVersion "1"]
[SourceVersionDate "2020.10.23"]
[SourceQuality "1"]

1. Nc3 d5 2. e4 c6 3. e5 Bf5 4. f4 e6 5. d4 h5 6. Nf3 Be7 7. Bd3 Nh6 8. 0-0 c5 9. Bxf5 Nxf5 10. Ne2 Nc6 11. c3 Qb6 12. Kh1 h4 13. a4 a5 14. Ra3 Rb8 15. Rb3 Qc7 16. Ra3 b5 17. axb5 Rxb5 18. Ra1 Qb7 19. Qc2 0-0 20. Rb1 Rc8 21. Qd3 Rb3 22. Qd1 Qb6 23. dxc5 Bxc5 24. Qe1 Be7 25. g4 hxg3 26. Nxg3 Nh4 27. Nh5 Nxf3 28. Rxf3 d4 29. Qg3 Kf8 30. Qxg7+ Ke8 31. Qg8+ Kd7 32. Qxf7 Rxc3 33. Nf6+ Kc7 34. Rxc3 dxc3 35. Ne8+ Kb8 36. Nd6 Rf8 37. Qh5 cxb2 38. Rxb2 Qxb2 39. Bxb2 Nb4 40. Qe2 Bxd6 41. exd6 Nc6 42. Qb5+ Ka8 43. Qxc6+ Ka7 44. d7 a4 45. Qc8 Rxc8 46. dxc8Q 1-0